000 00568nam a22001937a 4500
005 20251108170026.0
008 250721s9999 xx 000 0 ara d
082 1 4 _aط/ق/ليل
245 1 0 _aليلي و الذئب /
264 1 _aطرابلس :
_bدار الشمال للطباعة،
_c[19-].
300 _a8ص ؛ مصور
490 0 _aحكايات جدتي
500 _aمرفق بتسجيل صوتي
650 1 7 _aالأدب العربي
650 1 7 _aأدب الأطفال
650 1 7 _aالقصص العربية
942 _2ddc
_cBK
999 _c37744
_d37744